Galería de seres espantosos : antología /

Guardado en:
Autor Principal: Califa, Oche.
Otros Autores: O´Kif-MG; il., Falbo, Graciela., Keselman, Gabriela., Mariño, Ricardo., Méndez, Mario.
Formato: Libro
Idioma:Undetermined
Publicado: Buenos Aires : Alfaguara, 2010.
Series:Morada. Desde 8 años
Materias:
Etiquetas: Agregar Etiqueta
Sin Etiquetas, Sea el primero en etiquetar este registro!
LEADER 01007nam a22002535a 4500
001 CEM.cems019753
008 221017s2010####ag############000#0#und#d
005 20221017101941.0
245 1 0 |a Galería de seres espantosos :  |b antología /  |c Oche Califa … y otros ; ilustrado por O´Kif-MG. 
260 |a Buenos Aires :  |b Alfaguara,  |c 2010. 
300 |a 160 p. 
490 1 |a Morada. Desde 8 años 
505 0 |a Los gnomos y el gigante sentimental / Oche Califa -- El fantasma del cañaveral / Graciela Falbo -- ¡Qué bestias! / Gabriela Keselman -- El colectivo fantasma / Ricardo Mariño -- El gigante solitario / Mario Méndez 
020 |a 9875733176 
100 1 |a Califa, Oche. 
700 1 |a O´Kif-MG; il. 
700 1 |a Falbo, Graciela. 
700 1 |a Keselman, Gabriela. 
700 1 |a Mariño, Ricardo. 
700 1 |a Méndez, Mario. 
653 |a Literatura Infantil 
653 |a Cuentos Infantiles 
653 |a Literatura Argentina 
859 |a CEMS  |b BIB. CEMS - Inicial y Primaria  |h A868.4  |i C128  |k IP  |p 6502  |t Ej.1